00952nam a2200205 a 450000100100000000500170001000800410002702000180006804000250008610000410011124500860015226000360023830000200027449000460029483000530034095201200039395201050051395201110061899900170072900001533320200929164020.0100205s2008 dr 000 0 spa d a9789945423099 aDO-SdBNPbspacBNPHU1 aTünnermann Bernheim, Carlos91753614aLos desafíos de la universidad en el siglo XXI /cCarlos Tünnermann Bernheim. aSanto Domingo :bUNAPEC,c2008. a79 p. ;c21 cm.1 aUNAPEC por un mundo mejoraconferenciav2 0aUNAPEC por un mundo mejoraconferencian2934666 001054708DSaGRbGRcHDd2010-02-05iLF1l0o p15333-30r2020-06-25te. 3w2020-06-25yLFDSZPréstamo en sala 0010718PDaPDbPDcHDd2010-02-05iLF1l0o p15333-10r2020-06-25w2020-06-25yLFPDZNo se presta 0010718PDaPDbPDcHDd2010-02-05iLF1l0o p15333-20r2020-06-25te. 2w2020-06-25yLFPDZNo se presta c14899d14899